O coelhinho azul vai à escola (Registo nº 4169)

Detalhes MARC
000 -Etiqueta do registo
Cabeçalho 00732nam0a2200253 4500
005 - Identificador da versão
Campo de controlo 20240813122054.0
010 ## - Número internacional normalizado dos livros (ISBN)
Número (ISBN) 9724127516
021 ## - Número do Depósito Legal
Código do país PT
Número 172579/01
100 ## - Dados gerais de processamento
Dados gerais de processamento 20161125d2002 c y0pory5003 ba
102 ## - Pais de publicação ou produção
País de publicação Portugal
101 1# - Língua de publicação
Língua do texto, banda sonora, etc. Português
Língua do documento no original Francês
215 ## - Descrição física 
Indicação específica da natureza do documento e extensão da espécie [18] p.
Outras indicações físicas il. color
200 1# - Titulo e menção de responsabilidade
Título próprio O coelhinho azul vai à escola
Primeira menção de responsabilidade J. Thomas-Bilstein
Outras menções de responsabilidade il. C. Busquets e M. A. Batlle
210 ## - Publicação, Distribuição, etc. 
Lugar da edição, distribuição, etc. Porto
Nome do editor, distribuidor, etc. Asa
Data da publicação, distribuição, etc. 2002
606 ## - Nome comum usado como assunto
Número de registo de entrada de autoridade 0001419
Palavra de ordem Literatura francesa
Subdivisão de assunto Conto
Código do sistema CA
675 ## - Classificação Decimal Universal (CDU)
Notação 821.133.1-34
Edição 3ª ed.
Língua da edição por
702 #0 - Nome de autor-pessoa física (responsabilidade secundária)
Número de registo de entrada de autoridade 0001563
Palavra de ordem Busquets
Outra parte do nome não tomada para palavra de ordem C.
Código de função Ilustrador / Técnico de desenho computorizado
Número de registo de entrada de autoridade 0001564
Palavra de ordem Batlle
Outra parte do nome não tomada para palavra de ordem M. A.
Código de função Ilustrador / Técnico de desenho computorizado
700 #1 - Nome de autor-pessoa física (responsabilidade principal)
Número de registo de entrada de autoridade 0001562
Palavra de ordem Thomas-Bilstein
Outra parte do nome não tomada para palavra de ordem J.
966 ## - Identificação da Biblioteca
Sigla EBVEN
942 ## - Elementos de entrada adicionados (Koha)
Tipo de item no Koha Livro
Exemplares
Situação do levantamento Origin of item (home branch) (coded) Biblioteca de empréstimo Código de barras Cota Circulation type (not for loan) Tipo de documento Nota do exemplar Damaged status
  Biblioteca Escolar das Vendas Biblioteca Escolar das Vendas BEV1479 8EST THO   Livro Sem mensagem